住友財閥史
Đã lưu trong:
| Tác giả chính: | |
|---|---|
| Định dạng: | Sách |
| Ngôn ngữ: | Undetermined |
| Được phát hành: |
〔東村山〕
教育社
1985
|
| Những chủ đề: | |
| Các nhãn: |
Thêm thẻ
Không có thẻ, Là người đầu tiên thẻ bản ghi này!
|
| Thư viện lưu trữ: | Trung tâm Học liệu Trường Đại học Cần Thơ |
|---|
| LEADER | 00551nam a2200205Ia 4500 | ||
|---|---|---|---|
| 001 | CTU_88990 | ||
| 008 | 210402s9999 xx 000 0 und d | ||
| 082 | |a 338.8 | ||
| 082 | |b S159 | ||
| 100 | |a 作道洋太郎(さくどう ようたろう) | ||
| 245 | 0 | |a 住友財閥史 | |
| 245 | 0 | |c 作道洋太郎 | |
| 260 | |a 〔東村山〕 | ||
| 260 | |b 教育社 | ||
| 260 | |c 1985 | ||
| 650 | |a Corporations,Corporations | ||
| 650 | |x Sumitomo | ||
| 650 | |z Japan | ||
| 904 | |i Ngoc | ||
| 980 | |a Trung tâm Học liệu Trường Đại học Cần Thơ | ||